logo

Bir Sreshtho Munshi Abdur Rouf Library
Jhenaidah Cadet College

Higher trigonometry / (Record no. 10242)

MARC details
000 -LEADER
fixed length control field 00631cam a2200229 4500
001 - CONTROL NUMBER
JCCL Control Number 10242
003 - CONTROL NUMBER IDENTIFIER
JCCL marc code BD-JhCC
005 - DATE AND TIME OF LATEST TRANSACTION
control field 20180520122310.0
008 - FIXED-LENGTH DATA ELEMENTS--GENERAL INFORMATION
fixed length control field 180421s19891979enk 000 0 eng d
035 ## - SYSTEM CONTROL NUMBER
system control number OCLC ocm17890422 from D971008M
-- (BD-JhCC)10242
040 ## - CATALOGING SOURCE
Original cataloging agency EQK
Transcribing agency EQK
Modifying agency GZM
-- EQO
-- BD-JhCC
041 ## - LANGUAGE CODE
Language code of Book eng
082 ## - DEWEY DECIMAL CLASSIFICATION NUMBER
Author mark and Year SAT 1989
Classification number 516.34
090 ## - LOCALLY ASSIGNED LC-TYPE CALL NUMBER (OCLC); LOCAL CALL NUMBER (OCLC)
Classification number (OCLC) (R) ; Classification number, CALL (RLIN) (NR) QA538
Local cutter number (OCLC) ; Book number/undivided call number, CALL (RLIN) .N55
100 1# - MAIN ENTRY--PERSONAL NAME
Personal name Sattar, Dr. Muhammad Abdus
245 14 - TITLE STATEMENT
Title Higher trigonometry /
Statement of responsibility, etc Dr. Muhammad Abdus Sattar
260 ## - PUBLICATION, DISTRIBUTION, ETC. (IMPRINT)
Place of publication, distribution, etc Dhaka :
Name of publisher, distributor, etc Ali Publications,
Date of publication, distribution, etc 1989.
300 ## - PHYSICAL DESCRIPTION
Pagination 151 p. :
Dimensions 22 cm.
650 #0 - SUBJECT ADDED ENTRY--TOPICAL TERM
Topical term or geographic name as entry element Trigonometry.
942 ## - ADDED ENTRY ELEMENTS (KOHA)
Source of classification or shelving scheme Dewey Decimal Classification
Koha item type Books
Holdings
Source of classification or shelving scheme Damaged status Not for loan Home library Current library Shelving location Date of accession Total Checkouts Full call number Barcode Date last seen Copy number Koha item type
Dewey Decimal Classification     JCC Rouf Library JCC Rouf Library General Stacks 04/21/2018   516.34 SAT 1989 11885 04/21/2018 C-1 Books

JCC Library | Contacts | JCC Home

Last Update on 23 September 2017
Copyright @ 2017-2020 JCC Rouf Library
Rouf Library, Jhenidah Cadet College (JCC), Bangladesh